Загрузка...

Statistical Demography and Forecasting

Библиографические подробности
Главный автор: Alho
Опубликовано: Springer 2012
LEADER 00184 a2200085 4500
100 |a Alho 
245 |a Statistical Demography and Forecasting 
260 |c 2012  |b Springer 
942 |c BK  |6 _ 
999 |c 70818  |d 70818